Teen Sex : (Record no. 611880)

MARC details
000 -LEADER
fixed length control field 00481nam a2200181 a 4500
008 - FIXED-LENGTH DATA ELEMENTS--GENERAL INFORMATION
fixed length control field 260211s2005##################000#0#eng##
020 ## - INTERNATIONAL STANDARD BOOK NUMBER
ISBN 9780737724264
082 04 - DEWEY DECIMAL CLASSIFICATION NUMBER
Classification number 306.7083
Item number WAT
100 1# - MAIN ENTRY--AUTHOR NAME
Personal name Watkins, Christine,
245 10 - TITLE STATEMENT
Title Teen Sex :
260 ## - PUBLICATION, DISTRIBUTION, ETC. (IMPRINT)
Name of publisher Greenhaven Press, Incorporated,
Year of publication 2005.
650 #0 - SUBJECT ADDED ENTRY--TOPICAL TERM
Topical Term Political Science.
942 ## - ADDED ENTRY ELEMENTS (KOHA)
Koha item type English Books
Holdings
Withdrawn status Lost status Damaged status Not for loan Home library Current library Shelving location Date acquired Full call number Accession Number Price effective from Koha item type
        Anna Centenary Library Anna Centenary Library 3RD FLOOR, B WING 11.02.2026 306.7083 WAT 185451 11.02.2026 English Books

Find us on the map